| 000 | 00421nam a22001457a 4500 | ||
|---|---|---|---|
| 005 | 20240315111633.0 | ||
| 008 | 240315b ||||| |||| 00| 0 eng d | ||
| 040 | _cAL | ||
| 041 | _aeng | ||
| 082 |
_223 _a001.64 _bATTI |
||
| 245 | _aAttitude and Awareness of Students towards IT with Special Referemce to NIIT | ||
| 260 |
_aMangalore _bSt Aloysius College _c2002 |
||
| 700 |
_aJoseph (Dilip) _9154473 |
||
| 942 |
_2ddc _cPRO |
||
| 999 |
_c230366 _d230366 |
||